000
00278 a2200121 4500
001
86714
082
_a
920.2 JAV
090
_c
40808
_d
40808
100
_a
Javaid Hashmi
245
_a
Tahta Dar Kay Sae Talay
_h
Urdu
260
_a
Lahore
_b
Jahangir Books
_c
2007
300
_a
312p.
942
_a
CAE NUST
_k
920.2 JAV
999
_c
321787
_d
321787